| 000 | 00602nam a2200217Ia 4500 | ||
|---|---|---|---|
| 003 | OSt | ||
| 005 | 20220926040242.0 | ||
| 006 | a|||||r|||| 00| 0 | ||
| 007 | ta | ||
| 008 | 220923b |||||||| |||| 00| 0 eng d | ||
| 037 | _cGeneral Book | ||
| 040 |
_aRTL _cRTL _beng |
||
| 041 |
_2eng _aeng |
||
| 082 | _aX625:517.73.N6, K2 | ||
| 100 |
_aLamb W Ralph _9343400 |
||
| 245 | 0 |
_aGroup banking _b A form of banking concentration and |
|
| 260 | _c1962 | ||
| 650 |
_aCommercial Banks _9230151 |
||
| 942 |
_hX625:517.73.N6, K2 _cGB _2CC |
||
| 999 |
_c664318 _d664318 |
||